Additiones ad commentaria doctissimi Antonii Gometii in leges Tauri / (Record no. 154393)
[ view plain ]
| 000 -LEADER | |
|---|---|
| campo de control de longitud fija | 01045nam a22002415i 4500 |
| 001 - NÚMERO DE CONTROL | |
| campo de control | 154393 |
| 003 - IDENTIFICADOR DE NÚMERO DE CONTROL | |
| campo de control | ES-MaACL |
| 005 - FECHA Y HORA DE LA ÚLTIMA TRANSACCIÓN | |
| campo de control | 20230906205716.0 |
| 008 - DATOS DE LONGITUD FIJA--INFORMACIÓN GENERAL | |
| campo de control de longitud fija | 970312s1598 sp |||| | lat d |
| 080 ## - NÚMERO DE LA CLASIFICACIÓN DECIMAL UNIVERSAL | |
| Número de la Clasificación Decimal Universal | 347(460.18)"1505" |
| 100 1# - ENTRADA PRINCIPAL--NOMBRE DE PERSONA | |
| Nombre de persona | Gómez Cornejo, Diego. |
| 9 (RLIN) | 57874 |
| 245 10 - MENCIÓN DEL TÍTULO | |
| Título | Additiones ad commentaria doctissimi Antonii Gometii in leges Tauri / |
| Mención de responsabilidad, etc. | per ... Diegum Gometium Cornejo. |
| 260 ## - PUBLICACIÓN, DISTRIBUCIÓN, ETC. | |
| Lugar de publicación, distribución, etc. | Salmanticae : |
| Nombre del editor, distribuidor, etc. | apud Ioannem & Andream Renaut, fratres : |
| -- | expensis Didaci Cadima de la Torre, |
| Fecha de publicación, distribución, etc. | 1598. |
| 300 ## - DESCRIPCIÓN FÍSICA | |
| Extensión | [4], 107, [4] p. en blanco ; |
| Dimensiones | Fol. |
| 530 ## - NOTA DISPONIBLE DE FORMULARIO FÍSICO ADICIONAL | |
| Nota de formato físico adicional disponible | Disponible en formato digital. |
| 597 ## - NOTA DE DESCRIPCIÓN FÍSICA | |
| NOTA DE DESCRIPCIÓN FÍSICA | Sign.: [calderón]2, A8-G8. |
| 597 ## - NOTA DE DESCRIPCIÓN FÍSICA | |
| NOTA DE DESCRIPCIÓN FÍSICA | Texto a dos col. |
| 597 ## - NOTA DE DESCRIPCIÓN FÍSICA | |
| NOTA DE DESCRIPCIÓN FÍSICA | Esc. xil. en port. |
| 610 14 - PUNTO DE ACCESO ADICIONAL DE MATERIA--NOMBRE DE ENTIDAD CORPORATIVA | |
| Nombre de entidad corporativa o nombre de jurisdicción como elemento de entrada | Castilla (Reino). |
| Título de la obra | Leyes de Toro, 1505. |
| 9 (RLIN) | 155910 |
| 650 #4 - PUNTO DE ACCESO ADICIONAL DE MATERIA--TÉRMINO DE MATERIA | |
| Término de materia o nombre geográfico como elemento de entrada | Derecho civil- |
| Subdivisión geográfica | Castilla (Reino) |
| 9 (RLIN) | 11658 |
| 852 4# - LOCALIZACIÓN | |
| Ubicación | ES-MaACL |
| Número de control de estantería | R-2084(2) |
| Nota libre | - Enc. perg. |
| -- | - Falta desde la p. 107 |
| Encuadernación | - Olim: G-2999. |
| 856 4# - LOCALIZACIÓN Y ACCESO ELECTRÓNICOS | |
| Identificador Uniforme de Recursos | <a href="http://hdl.handle.net/10481/9665 ">http://hdl.handle.net/10481/9665 </a> |
| Nota pública | Fondo bibliográfico histórico de la Universidad de Granada |
| Estatus retirado | Estado de pérdida | Estado de daño | No para préstamo | Colección | Biblioteca de origen | Biblioteca actual | Ubicación en estantería | Fecha de adquisición | Fuente de adquisición | Total de préstamos | Signatura topográfica completa | Código de barras | Visto por última vez | Precio de reemplazo | Tipo de ítem Koha |
|---|---|---|---|---|---|---|---|---|---|---|---|---|---|---|---|
| Colección digital | Biblioteca del Ateneo de Madrid | Biblioteca del Ateneo de Madrid | Depósito | 17/01/2008 | R-2084(2) | 1161454 | 23/02/2023 | 23/02/2023 | Libro impreso antiguo |
